Kraje które mają 6 lub więcej sąsiadów(dla geomexa) - Statystyki

Ogólne statystyki
  • Ten quiz został rozwiązany 33 razy
  • Średni wynik to 22 z 34
Statystyki odpowiedzi
Hint Odpowiedź % Poprawnych
8 Granic Niemcy
95%
7 Granic Polska
95%
14 Granic Rosja
95%
14 Granic Chiny
90%
10 Granic Francja
90%
6 Granic Indie
85%
8 Granic Austria
75%
10 Granic Brazylia
75%
6 Granic Irak
75%
7 Granic Iran
75%
7 Granic Ukraina
75%
7 Granic Arabia Saudyjska
70%
7 Granic Niger
70%
8 Granic Turcja
70%
6 Granic Włochy
70%
6 Granic Republika Południowej Afryki
65%
8 Granic Serbia
65%
7 Granic Sudan
65%
6 Granic Algieria
60%
6 Granic Czad
60%
8 Granic Demokratyczna Republika Konga
60%
7 Granic Mali
60%
7 Granic Węgry
60%
6 Granic Afganistan
55%
6 Granic Etiopia
55%
6 Granic Burkina Faso
45%
6 Granic Kamerun
45%
6 Granic Libia
45%
6 Granic Mozambik
45%
6 Granic Sudan Południowy
45%
7 Granic Tanzania
45%
6 Granic Republika Środkowoafrykańska
40%
6 Granic Gwinea
30%
8 Granic Zambia
30%
Nie znaleziono quizów pasujących do podanych kryteriów
Rozkład punktacji
Procent ludzi z każdym wynikiem
Percentyl według liczby udzielonych odpowiedzi
Twoja historia wyników
Nie rozwiązałeś tego quizu